00550nam a2200169 i 450000100060000000300090000600500170001500700030003200800410003510000260007624501250010226000460022730000200027365000260029370000380031985200230035755203ES-MaACL20250809062549.0t|030915s1929 sp ||||1| spa d1 aDel Vecchio, Giorgio.10aFilosofía del derecho / cGiorgio del Vecchio ; traducción, prólogo y extensas adiciones por Luis Recasens Siches. aBarcelona : bBosch, c1929 (fNúñez) a2 v. ; c23 cm. 4aDerecho-xFilosofía1 aRecasens Siches, Luis,d1903-1977 aES-MaACLjA-728-29